| 000 | 01720nam a2200349 a 4500 | ||
|---|---|---|---|
| 001 | ebr10233590 | ||
| 003 | CaPaEBR | ||
| 006 | m u | ||
| 007 | cr cn||||||||| | ||
| 008 | 040429s2005 enka sb 001 0beng | ||
| 010 | _z 2004009727 | ||
| 020 | _z0195178165 (alk. paper) | ||
| 040 |
_aCaPaEBR _cCaPaEBR |
||
| 035 | _a(OCoLC)70202431 | ||
| 043 | _ae-uk--- | ||
| 050 | 1 | 4 |
_aPR6037.P47 _bZ87 2005eb |
| 082 | 0 | 4 |
_a821/.912 _aB _222 |
| 100 | 1 |
_aSutherland, John, _d1938- |
|
| 245 | 1 | 0 |
_aStephen Spender _h[electronic resource] : _ba literary life / _cJohn Sutherland. |
| 260 |
_aOxford [England] ; _aNew York : _bOxford University Press, _c2005. |
||
| 300 |
_a627 p. : _bill. |
||
| 500 | _aOriginally published: London : Penguin Books, Ltd., 2004. | ||
| 504 | _aIncludes bibliographical references and index. | ||
| 505 | 0 | _aAmbitious son, failed father : 1909-30 -- The 1930s : Germany : the Tony Hyndman Years : Spain and after -- The 1940s : an Englishman again -- The 1950s : middle years, Mid-Atlantic -- The 1960s : young rebels and old rebel -- The 1970s : grandparent, not yet GOM -- The 1980s : retired, but not resigned -- The 1990s : 'Five years he shouldn't have had'. | |
| 533 |
_aElectronic reproduction. _bPalo Alto, Calif. : _cebrary, _d2013. _nAvailable via World Wide Web. _nAccess may be limited to ebrary affiliated libraries. |
||
| 600 | 1 | 0 |
_aSpender, Stephen, _d1909-1995. |
| 650 | 0 |
_aPoets, English _y20th century _vBiography. |
|
| 650 | 0 |
_aCritics _zGreat Britain _vBiography. |
|
| 655 | 7 |
_aElectronic books. _2local |
|
| 710 | 2 | _aebrary, Inc. | |
| 856 | 4 | 0 |
_uhttp://site.ebrary.com/lib/rucke/Doc?id=10233590 _zAn electronic book accessible through the World Wide Web; click to view |
| 999 |
_c38142 _d38142 |
||